Arming America : (Record no. 2741)

MARC details
000 -LEADER
fixed length control field 02680cam a2200361 a 4500
001 - CONTROL NUMBER
control field 2741
003 - CONTROL NUMBER IDENTIFIER
control field FISKH
005 - DATE AND TIME OF LATEST TRANSACTION
control field 20240611155934.0
008 - FIXED-LENGTH DATA ELEMENTS--GENERAL INFORMATION
fixed length control field 000630s2000 nyu b 001 0 eng d
010 ## - LIBRARY OF CONGRESS CONTROL NUMBER
LC control number 00106191
020 ## - INTERNATIONAL STANDARD BOOK NUMBER
International Standard Book Number 0375402101
035 ## - SYSTEM CONTROL NUMBER
System control number (OCoLC)ocm44947512
040 ## - CATALOGING SOURCE
Original cataloging agency NPL
Transcribing agency NPL
Modifying agency AAB
-- NOR
-- DLC
042 ## - AUTHENTICATION CODE
Authentication code lccopycat
043 ## - GEOGRAPHIC AREA CODE
Geographic area code n-us---
050 00 - LIBRARY OF CONGRESS CALL NUMBER
Classification number HV8059
Item number .B395 2000
082 00 - DEWEY DECIMAL CLASSIFICATION NUMBER
Classification number 683.4/00973
Edition number 21
100 1# - MAIN ENTRY--PERSONAL NAME
Personal name Bellesiles, Michael A.
245 10 - TITLE STATEMENT
Title Arming America :
Remainder of title the origins of a national gun culture /
Statement of responsibility, etc. Michael A. Bellesiles.
260 ## - PUBLICATION, DISTRIBUTION, ETC.
Place of publication, distribution, etc. New York :
Name of publisher, distributor, etc. Alfred A. Knopf,
Date of publication, distribution, etc. 2000.
300 ## - PHYSICAL DESCRIPTION
Extent 603 pages :
Dimensions 25 cm.
500 ## - GENERAL NOTE
General note This book serves as a rare example of a discredited non-fiction item by a once respected contemporary academic.
504 ## - BIBLIOGRAPHY, ETC. NOTE
Bibliography, etc. note Includes bibliographical references and index.
505 00 - FORMATTED CONTENTS NOTE
Title In search of guns --
Miscellaneous information ch. 1.
Title European gun heritage --
Miscellaneous information ch. 2.
Title Role of guns in the conquest of North America --
Miscellaneous information ch. 3.
Title Guns in the daily life of colonial America --
Miscellaneous information ch. 4.
Title Creation of the first American gun culture : Indians and firearms --
Miscellaneous information ch. 5.
Title Brown Bess in the wilderness --
Miscellaneous information ch. 6.
Title People numerous and unarmed --
Miscellaneous information ch. 7.
Title Government promotion of gun production --
Miscellaneous information ch. 8.
Title From indifference to disdain --
Miscellaneous information ch. 9.
Title Creation of a gun subculture --
Miscellaneous information ch. 10.
Title Arming of the American people.
520 ## - SUMMARY, ETC.
Summary, etc. Arming America: The Origins of a National Gun Culture is a discredited 2000 book by historian Michael A. Bellesiles about American gun culture, an expansion of a 1996 article he published in the Journal of American History. Bellesiles, then a professor at Emory University, used fabricated research to argue that during the early period of US history, guns were uncommon during peacetime and that a culture of gun ownership did not arise until the mid-nineteenth century.<br/><br/>Although the book was awarded the prestigious Bancroft Prize in 2001, it later became the first work for which the prize was rescinded, following a decision of Columbia University's Board of Trustees that Bellesiles had "violated basic norms of scholarship and the high standards expected of Bancroft Prize winners."
650 #0 - SUBJECT ADDED ENTRY--TOPICAL TERM
Topical term or geographic name entry element Firearms ownership
Geographic subdivision United States
General subdivision History.
856 42 - ELECTRONIC LOCATION AND ACCESS
Materials specified Contributor biographical information
Uniform Resource Identifier <a href="http://www.loc.gov/catdir/bios/random052/00106191.html">http://www.loc.gov/catdir/bios/random052/00106191.html</a>
856 41 - ELECTRONIC LOCATION AND ACCESS
Materials specified Sample text
Uniform Resource Identifier <a href="http://www.loc.gov/catdir/samples/random042/00106191.html">http://www.loc.gov/catdir/samples/random042/00106191.html</a>
856 42 - ELECTRONIC LOCATION AND ACCESS
Materials specified Publisher description
Uniform Resource Identifier <a href="http://www.loc.gov/catdir/description/random044/00106191.html">http://www.loc.gov/catdir/description/random044/00106191.html</a>
856 42 - ELECTRONIC LOCATION AND ACCESS
Materials specified Book review (H-Net)
Uniform Resource Identifier <a href="http://www.h-net.org/review/hrev-a0c1c2-aa">http://www.h-net.org/review/hrev-a0c1c2-aa</a>
906 ## - LOCAL DATA ELEMENT F, LDF (RLIN)
a 7
b cbc
c copycat
d 2
e ncip
f 20
g y-gencatlg
942 ## - ADDED ENTRY ELEMENTS (KOHA)
Source of classification or shelving scheme Library of Congress Classification
Koha item type Books
Suppress in OPAC No
Holdings
Withdrawn status Lost status Source of classification or shelving scheme Damaged status Not for loan Collection Home library Current library Shelving location Date acquired Total Checkouts Full call number Barcode Date last seen Price effective from Koha item type
    Library of Congress Classification     Non-Fiction Footprints International School Library Network Toul Kork Campus Footprints International School Library Network Toul Kork Campus   01/11/2024   BEL 683.400973 HV8059.B395 2024-0023 01/11/2024 01/11/2024 Books